Derecho usual y práctica forense /

Guardado en:
Autor Principal: Rolón, Héctor Efraín
Formato: Libro
Publicado: Buenos Aires : Kapelusz, 1981
Materias:
Etiquetas: Agregar Etiqueta
Sin Etiquetas, Sea el primero en etiquetar este registro!
LEADER 01216nam a22002175a 4500
001 CEM.cems005569
005 20060221000000.0
008 130507s1981##################000#0#####d
003 CEMS
082 0 4 |a 346 
100 1 |a Rolón, Héctor Efraín 
245 1 0 |a Derecho usual y práctica forense / 
260 |a Buenos Aires :  |b Kapelusz,  |c 1981 
300 |a 246 p. 
505 0 |a El lugar del abogado por E. Giberti.-La Pareja, el matrimonio, la Familia por S.Ch. de Gore y R. Oppenheim.-Algo mas acerca de la <Familia> por E.Giberti.-El divorcio en la legislación por S. de Gore y R. Oppenheim.-La <Ley nro 17.711>.-El divorcio (algunas precisiones clinicas. -El abogado y la pulsion por E. Giberti.-El abogado frente al divorcio por S. de Gore y R. Oppenheim...Los Hijos frente al divorcio.-Los hijos y el divorcio.-Los hijos de la <Pareja divorciada>.-El bogado frente a los hijos del divorcio.-La mujer, el matrimonio y el divorcio. -El <Derecho de alimentos>.-La mujer y el divorcio.BIBLIOGRAFIA: pp. 283-285 
653 |a Actos juridicos 
653 |a Argentina-codigo civil 
653 |a Contrato de trabajo 
653 |a Contratos 
653 |a Derecho 
859 |a CEMS  |b BIB. CEMS - 11 de abril  |h 346  |i R659  |p 15083.88  |t Ej.1